Loading...
| History - European | 1 | 2 | 0 | 0 | 35 | 45 | 66.33 | 0 | 2 | 0.00 | 0.00 |
| Beliefs | 1 | 4 | 4 | 1 | 35 | 46 | 102.40 | 0 | 2 | 0.00 | 0.00 |
| Science - Biology | 0 | 3 | 0 | 1 | 30 | 84 | 104.33 | 1 | 1 | 0.00 | 0.00 |
| Other Arts: Visual | 0 | 3 | 0 | 1 | 30 | 95 | 104.67 | 1 | 2 | 0.00 | 0.00 |
| Literature - British | 1 | 1 | 0 | 0 | 25 | 54 | 102.50 | 1 | 1 | 0.00 | 0.00 |
| 1 | 1 | 1 | 0 | 20 | 65 | 89.50 | 1 | 2 | 0.00 | 0.00 | |
| History - World | 0 | 2 | 0 | 1 | 20 | 79 | 81.00 | 0 | 1 | 0.00 | 0.00 |
| Literature - European | 1 | 1 | 1 | 0 | 20 | 46 | 87.50 | 0 | 2 | 0.00 | 0.00 |
| Science - Physics | 1 | 2 | 3 | 1 | 20 | 47 | 97.00 | 1 | 2 | 0.00 | 0.00 |
| British and Commonwealth History | 1 | 0 | 0 | 0 | 15 | 84 | 84.00 | 1 | 1 | 0.00 | 0.00 |
| Fine Arts - Auditory | 0 | 1 | 0 | 1 | 10 | 137 | 137.00 | 0 | 0 | 0.00 | 0.00 |
| Other Academic | 0 | 1 | 0 | 1 | 10 | 135 | 135.00 | 0 | 0 | 0.00 | 0.00 |
| Literature - American | 0 | 1 | 0 | 0 | 10 | 98 | 98.00 | 0 | 1 | 0.00 | 0.00 |
| Current Events | 0 | 1 | 0 | 0 | 10 | 137 | 137.00 | 0 | 1 | 0.00 | 0.00 |
| Science - Chemistry | 1 | 0 | 1 | 0 | 10 | 56 | 56.00 | 1 | 1 | 0.00 | 0.00 |
| Ancient History and Archaeology | 0 | 1 | 0 | 0 | 10 | 88 | 88.00 | 0 | 1 | 0.00 | 0.00 |
| Geography | 0 | 1 | 1 | 1 | 5 | 83 | 83.00 | 0 | 0 | 0.00 | 0.00 |
| Other Arts: Auditory | 0 | 1 | 1 | 0 | 5 | 102 | 102.00 | 1 | 1 | 0.00 | 0.00 |
| History - American | 0 | 1 | 1 | 0 | 5 | 109 | 109.00 | 1 | 1 | 0.00 | 0.00 |
| World and Other Literature | 0 | 0 | 1 | 0 | -5 | 0.00 | 0 | 0 | 0.00 | 0.00 | |
| Philosophy | 0 | 0 | 1 | 0 | -5 | 0.00 | 0 | 0 | 0.00 | 0.00 |